Statistics for English Football League Winners

Click here to take the quiz!

General Stats

  • This quiz has been taken 2,000 times
  • The average score is 98 of 114

Answer Stats

YearAnswer% Correct
1936-37 | 1967-68 | 2011-12Manchester City
99%
1907-08 | 1910-11 | 1951-52 | +16 othersManchester United
99%
1930-31 | 1932-33 | 1933-34 | +9 othersArsenal
98%
1954-55 | 2004-05 | 2005-06 | 2009-10Chelsea
98%
1900-01 | 1905-06 | 1921-22 | +15 othersLiverpool
98%
2012-13Manchester United
98%
1890-91 | 1914-15 | 1927-28 | +7 othersEverton
88%
1911-12 | 1913-14 | 1994-95Blackburn Rovers
87%
1893-94 | 1895-96 | 1896-97 | +4 othersAston Villa
86%
1977-78Nottingham Forrest
86%
1968-69 | 1973-74 | 1991-92Leeds United
83%
1906-07 | 1926-27Newcaslte United
83%
1904-05 | 1908-09Newcastle United
83%
1891-92 | 1892-93 | 1894-95 | +3 othersSunderland
73%
1950-51 | 1960-61Tottenham Hotspur
69%
1953-54 | 1957-58 | 1958-59Wolverhampton Wanderers
66%
1971-72 | 1974-75Derby County
63%
1902-03 | 1903-04 | 1928-29The Wednesday
62%
1929-30Sheffield Wednesday
61%
1897-98Sheffield United
60%
1888-89 | 1889-90Preston North End
59%
1920-21 | 1959-60Burnley
58%
1919-20West Bromwich Albion
58%
1961-62Ipswich Town
52%
1948-49 | 1949-50Portsmouth
52%
1923-24 | 1924-25 | 1925-26Huddersfield Town
47%

Score Distribution

Percentile by Number Answered

Percent of People with Each Score

Your Score History

You have not taken this quiz